Revista económica / (Record no. 1827)

MARC details
000 -LEADER
campo de control de longitud fija 00561nas a2200217 i 4500
001 - NÚMERO DE CONTROL
campo de control 1827
003 - IDENTIFICADOR DE NÚMERO DE CONTROL
campo de control ES-MaACL
005 - FECHA Y HORA DE LA ÚLTIMA TRANSACCIÓN
campo de control 20250721062538.0
007 - CAMPO FIJO DE DESCRIPCIÓN FÍSICA--INFORMACIÓN GENERAL
campo de control de longitud fija t|
008 - DATOS DE LONGITUD FIJA--INFORMACIÓN GENERAL
campo de control de longitud fija 950801c1913 sp | | 1 ||pa d
245 00 - MENCIÓN DEL TÍTULO
Título Revista económica /
Mención de responsabilidad, etc. dir. Alvaro Calzado.
260 ## - PUBLICACIÓN, DISTRIBUCIÓN, ETC.
Lugar de publicación, distribución, etc. Madrid :
Nombre del editor, distribuidor, etc. [s.n.],
Fecha de publicación, distribución, etc. 1913-
300 ## - DESCRIPCIÓN FÍSICA
Extensión 3 v. ;
Dimensiones 33 cm.
310 ## - PERIODICIDAD ACTUAL
Periodicidad actual Quincenal
362 0# - FECHAS DE PUBLICACIÓN Y/O DESIGNACIÓN SECUENCIAL
Fecha de publicación y/o designación secuencial Año I (1913)-
650 17 - PUNTO DE ACCESO ADICIONAL DE MATERIA--TÉRMINO DE MATERIA
Término de materia o nombre geográfico como elemento de entrada Economía
Fuente del encabezamiento o término embne
9 (RLIN) 12006
700 1# - ENTRADA AGREGADA--NOMBRE PERSONAL
Nombre de persona Calzado, Alvaro,
Término indicativo de función/relación
9 (RLIN) 194298
852 ## - LOCALIZACIÓN
Ubicación ES-MaACL
Número de control de estantería Hem-530
866 #0 - MENCIÓN TEXTUAL DE FONDOS--UNIDAD BIBLIOGRÁFICA BÁSICA
Fondos 1915-1920.
Holdings
Estatus retirado Estado de pérdida Estado de daño No para préstamo Colección Biblioteca de origen Biblioteca actual Ubicación en estantería Fecha de adquisición Fuente de adquisición Total de préstamos Signatura topográfica completa Código de barras Visto por última vez Precio de reemplazo Tipo de ítem Koha
        Periódicos y Revistas Biblioteca del Ateneo de Madrid Biblioteca del Ateneo de Madrid Depósito 1 17/01/2008     Hem-530 1001865 23/02/2023 23/02/2023 Revista